| 000 | 00531nam a2200217Ia 4500 | ||
|---|---|---|---|
| 008 | 160901s9999 xx 000 0 und d | ||
| 020 | _a981-240-128-8 | ||
| 050 | _aComSc TK 5105.888 | ||
| 050 | _b.S55 2000 | ||
| 100 | _aSklar, Joel. | ||
| 245 | _aPrinciples of web design / | ||
| 245 | _cJoel Sklar. | ||
| 260 | _aSingapore : | ||
| 260 | _bThomson Learning Asia, | ||
| 260 | _c2000 | ||
| 300 | _a288 pages : | ||
| 300 | _bill. ; | ||
| 300 | _c25 cm. | ||
| 500 | _aIncludes index. | ||
| 650 | _aWeb sites -- Design. | ||
| 999 |
_c300906 _d300906 |
||